Most expensive Swedish footballers - Statistics

General Stats
  • This quiz has been taken 85 times
  • The average score is 13 of 20
Answer Stats
Year Buying club Player Price (euro) % Correct
2022 Newcastle Alexander Isak €70 million
99%
2009 Barcelona Zlatan Ibrahimović €70 million
99%
2011 AC Milan Zlatan Ibrahimović €24 million
94%
2012 PSG Zlatan Ibrahimović €21 million
93%
2004 Juventus Zlatan Ibrahimović €19 million
93%
2006 FC Inter Zlatan Ibrahimović €24,8 million
91%
2017 Manchester United Victor Nilsson Lindelöf €45 million
88%
2020 Juventus Dejan Kulusevski €44 million
83%
2023 Tottenham Hotspur Dejan Kulusevski €30 million
81%
2023 Sporting CP Viktor Gyökeres €28 million
81%
2023 Nottingham Forest Anthony Elanga €17,5 million
65%
2024 Tottenham Hotspur Lucas Bergvall €10 million
54%
2009 Hamburger SV Marcus Berg €10 million
51%
2023 Napoli Jens Cajuste €12 million
41%
2022 Wolfsburg Mattias Svanberg €9 million
39%
2024 Strasbourg Sebastian Nanasi €11 million
38%
2022 Stade Reims Jens Cajuste €10 million
35%
2023 Bologna Jesper Karlsson €11 million
33%
2008 Bolton Wanderers Johan Elmander €12,6 million
26%
2023 Olympique Lyon Amin Sarr €12 million
19%
No matching quizzes found
Score Distribution
Percent of People with Each Score
Percentile by Number Answered
Your Score History
You have not taken this quiz